000 00177 a2200097 4500
041 _aspa
100 _aAnonimo
245 _aSobre los Estados unidos
942 _cBK
952 _74
999 _c17855
_d17855